|
|
|
|
| LEADER |
00000naa2a2200000 4500 |
| 001 |
173225 |
| 005 |
20231031164450.0 |
| 035 |
|
|
|a (RuTPU)RU\TPU\book\187885
|
| 090 |
|
|
|a 173225
|
| 100 |
|
|
|a 20091222d2009 k y0rusy50 ca
|
| 101 |
0 |
|
|a rus
|
| 102 |
|
|
|a RU
|
| 200 |
1 |
|
|a Тестирование платиновых катализаторов дегидрирования н-парафинов с использованием технологической моделирующей системы
|f Е. И. Кучина
|g науч. рук. Е. Н. Ивашкина
|
| 320 |
|
|
|a Библиогр.: 2 назв.
|
| 463 |
|
0 |
|0 (RuTPU)RU\TPU\book\176321
|t Химия и химическая технология в XXI веке
|o X Юбилейная всероссийская научно-практическая конференция студентов и аспирантов, г. Томск, 13-15 мая 2009 г.
|f Томский политехнический университет (ТПУ) ; Химия и химическая технология в XXI веке
|v С. 229
|d 2009
|p 322 с.
|
| 610 |
1 |
|
|a платиновые катализаторы
|
| 610 |
1 |
|
|a тестирование
|
| 610 |
1 |
|
|a н-парафины
|
| 610 |
1 |
|
|a моделирующие системы
|
| 610 |
1 |
|
|a технологические моделирующие системы
|
| 610 |
1 |
|
|a синтетические моющие средства
|
| 610 |
1 |
|
|a алкилбензолы
|
| 610 |
1 |
|
|a дегидрирование
|
| 610 |
1 |
|
|a моноолефины
|
| 610 |
1 |
|
|a компьютерные моделирующие системы
|
| 610 |
1 |
|
|a труды учёных ТПУ
|
| 700 |
|
1 |
|a Кучина
|b Е. И.
|
| 702 |
|
1 |
|a Ивашкина
|b Е. Н.
|4 727
|
| 801 |
|
1 |
|a RU
|b 63413507
|c 20091222
|
| 942 |
|
|
|c BK
|